00820nam a2200193 a 450000100100000000500170001000800410002704000250006808200150009324501000010826000480020830000330025650001120028959000260040170000460042770000230047395201130049699900170060900004791720201002060817.0181004s1968 dr ac 000 0 spa d aDO-SdBNPbspacBNPHU axxxxbxxxx00aQuisqueya :blibro inicial de lectura /cJosé Nícolas Almanzar García... ; Felix Adam ... aSanto Domingo :bGrafarte Editorial,c1968. a104 p. :bil., retrs. ;c24. aAdaptación del libro venezolano de lectura inicial "Abajo cadenas" Campaña nacional de alfabetización aInventariado, 2019/LP1 aAlmanzar García, José Nícolas930061 aAdam, Felix937555 0010718PDaPDbPDcHDd2018-10-04iLF1l0oxxxx xxxxp47917-10r2020-06-25w2020-06-25yLFPDZNo se presta c47405d47405